000
00298nam a22001337a 4500
008
170329b xxu||||| |||| 00| 0 eng d
020
_a
9780316773904
041
_a
eng
080
_a
616-053.2
100
_a
8
101
_a
SHM
245
_a
TEPHONE ADVICE PEDIATRIC
_c
SCHMITT.B.D
942
_2
udc
_c
BK
999
_c
9056
_d
9056